| 000 | 00679nam a22002057a 4500 | ||
|---|---|---|---|
| 003 | DO-SdBNP | ||
| 005 | 20211014152435.0 | ||
| 007 | ta | ||
| 008 | 211008b2018 dr ||||| |||| 00| 0 spa d | ||
| 020 | _a9789945598124 | ||
| 040 |
_aDO-SdBNP _bspa _cBNPHU |
||
| 082 | 4 |
_222 _aBNPHU _bC352r |
|
| 100 | 1 |
_aCastillo Semán, Pelegrín _971594 |
|
| 245 | 1 | 0 |
_aReflexiones sobre la política exterior dominicana : _bde Kosovo a China Popular, pasando por Haití / _cPelegrín Castillo Semán. |
| 260 |
_aSanto Domingo : _b Argos, _c2018. |
||
| 300 |
_a24 p. ; _c22 cm. |
||
| 500 | _aIncluye datos biográficos del autor en la contracubierta. | ||
| 910 | _aLopérez | ||
| 942 |
_2ddc _cLBS1 |
||
| 999 |
_c50724 _d50724 |
||